000 00596nam a2200205Ia 4500
005 20250508170036.0
008 008 250505s9999 xx 000 0 eng d
020 _a0-14-028315-3
037 _aTextual
040 _aFEDL
_beng
_cFEDL
041 _aeng
_2eng
084 _a372.954, AGG
_qFEDL
100 _aAggarwal Yash
245 0 _aPrimary education in Delhi: How much do the children learn?
260 _aNew Delhi, India
_bNIEPA
_c2000
300 _axxii, 184p.
546 _aGifted by Prof. Anita Rampal
942 _cTEXL
_h372.954, AGG
999 _c1398867
_d1398867